00459 2200181 4500001002100000008004100021035002000062245003900082100001500121260003700136300002000173020002200193084001400215082000800229650001000237990001500247990001500262INLIS000000000003190 ind  a0010-1225000011 aBedebah di Ujung TandukcTere Liye aLiye, Tere aDepok :bPT Sabak Grip Nusantara a415c13,5x20 cm a978-623-97262-1-8 a813 LIY b a813 aFiksi a19612/B/26 a19613/B/26